000 00406nam a2200157Ia 4500
008 230711s9999||||xx |||||||||||||| ||und||
041 _aENG
082 _a658
_bMA-I
100 _aMahajan,M
245 0 _aIndustrial engineering and production management
250 _a3rd Ed.
260 _c2007
_aNew Delhi
_bDhanpat Rai & Co.(Pvt.)Ltd.
300 _a910
650 _aMechanical Engineering
942 _cBK
999 _c4521
_d4521